[Event "WIECC 2009"]
[Site "St. Petersburg RUS"]
[Date "2009.03.14"]
[Round "7.56"]
[White "Galojan, Lilit"]
[Black "Miednikova, Swietlana"]
[Result "1-0"]
[WhiteElo "2316"]
[BlackElo "2160"]
[Annotator ""]
[Source ""]
[Remark ""]

1.Nf3 d5 2.c4 dxc4 3.e3 Be6 4.Qc2 Nf6 5.Na3 Bd5 6.Nxc4 e6 7.Be2
Be7 8.O-O O-O 9.b3 c5 10.a3 Nbd7 11.Bb2 Qc7 12.Rac1 Rac8 13.d3
b5 14.Ncd2 g6 15.Qb1 Rcd8 ( 15...Rfd8 16.Rc2 Ne8 17.Rfc1 Bf6
18.e4 Bxb2 19.Qxb2 Bc6 20.b4 cxb4 21.Qxb4 Nef6 22.Nb3 Qb6 23.Nfd4
Nb8 24.Nxb5 Bd7 25.Rxc8 Bxc8 26.Nd6 Ba6 27.Qxb6 axb6 28.Nc4 Nbd7
29.f4 h6 30.Kf2 Ra8 31.Nd6 Ne8 32.Nxe8 Rxe8 33.Rc7 Rd8 34.Ke3
e5 35.g3 Bb5 36.Ra7 g5 37.a4 Bc6 38.d4 exd4+ 39.Nxd4 Ba8 40.Bc4
Kg7 41.Be6 Nc5 42.Bxf7 Bxe4 43.Bd5+ Kf6 44.Rf7+ Kg6 45.f5+ Kh5
46.Bxe4 Re8 47.Ne6 Nxe4 48.Ng7+ ) 16.Rc2 Ne8 17.Rfc1 Bf6 18.e4
Bxb2 19.Qxb2 Bc6 20.b4 cxb4 21.Qxb4 Nef6 22.Nb3 Qb6 23.Nfd4 Nb8
24.Nxb5 Bd7 25.Rc8 1-0

[Event "WIECC 2009"]
[Site "St. Petersburg RUS"]
[Date "2009.03.14"]
[Round "7.63"]
[White "Zykova, Antonina"]
[Black "Zainullina, Nataliya"]
[Result "1/2-1/2"]
[WhiteElo "2103"]
[BlackElo "2173"]
[Annotator ""]
[Source ""]
[Remark ""]

1.e4 e5 2.Bc4 Nc6 3.Nf3 Be7 4.d3 Nf6 5.O-O O-O 6.Re1 d6 7.a4
Na5 8.Ba2 c5 9.c3 Nc6 10.Nbd2 h6 11.Nf1 Re8 12.Ng3 Bf8 13.Nh4
d5 14.Nhf5 Be6 15.Qf3 Kh7 16.h3 d4 17.Qe2 g6 18.Nh4 Bxa2 19.Rxa2
Rc8 20.Nf3 Na5 21.Rd1 Qc7 22.h4 h5 23.Ng5+ Kg8 24.Nh3 Nb3 25.Bg5
Bg7 26.Ra3 Na5 27.f3 dxc3 28.Rxc3 Qd6 29.Be3 b6 30.Qc2 Nc6 31.Ne2
Red8 32.Rd2 Ne8 33.Qb3 Na5 34.Qa2 Nc7 35.Ng5 Rd7 36.f4 exf4 37.Bxf4
Qe7 38.Rc1 Nc6 39.Rf1 Ne6 40.Be3 Nxg5 41.Bxg5 Qd6 42.Kh1 Re8
43.Nf4 Nb4 44.Qb3 Bd4 45.g4 hxg4 46.h5 Qe5 47.Bh6 g5 48.Ng6 Qe6
49.Qxe6 fxe6 50.Bxg5 Rh7 51.h6 Rf7 52.Kg2 Rxf1 53.Kxf1 Kh7 54.Ne7
Rf8+ 55.Kg2 Be5 56.b3 Rf7 57.Rf2 Rxf2+ 58.Kxf2 Nxd3+ 59.Ke2 Nb4
60.Bd2 Bf6 61.Nc8 Nc6 62.Bf4 Nd4+ 63.Kd3 Nxb3 64.Nxa7 e5 65.Bg3
Kxh6 66.Nc8 Bd8 67.Bxe5 Na5 68.Nd6 Nc6 69.Nf7+ Kg6 70.Nxd8 Nxe5+
71.Ke3 g3 72.Ne6 Kf6 73.Nf4 Kg5 74.Nd5 c4 75.Ke2 Nd3 76.Kf3 Kh4
77.Ne3 c3 78.Nf5+ Kg5 79.Nxg3 c2 80.Ne2 c1Q 81.Nxc1 Nxc1 82.Ke3
Nb3 83.Kd3 Na5 84.Kc3 Nc6 85.Kc4 Na7 86.Kd5 Kf6 87.Kd6 1/2-1/2

[Event "WIECC 2009"]
[Site "St. Petersburg RUS"]
[Date "2009.03.14"]
[Round "7.74"]
[White "Khropova, Larisa"]
[Black "Styazhkina, Anna"]
[Result "0-1"]
[WhiteElo "2060"]
[BlackElo "1926"]
[Annotator ""]
[Source ""]
[Remark ""]

1.Nf3 d5 2.g3 c6 3.Bg2 Bg4 4.d3 Nd7 5.Nbd2 e6 6.O-O Bd6 7.Qe1
Ne7 8.e4 O-O 9.h3 Bh5 10.g4 Bg6 11.b3 a5 12.a3 b5 13.Bb2 Nc5
14.Qe3 Qc7 15.e5 f6 16.exd6 Qxd6 17.Rfe1 Bf7 18.d4 Nd7 19.c4
Ng6 20.cxb5 cxb5 21.a4 b4 22.Nf1 Rae8 23.Ng3 e5 24.Nf5 Qb8 25.dxe5
fxe5 26.Ng5 d4 27.Qg3 Nf4 28.Nxf7 Rxf7 29.Rac1 Rf6 30.Be4 Ref8
31.Rc2 Kh8 32.Bc1 g6 33.Ne7 Qd6 34.Nc8 Qb8 35.Ne7 Qd6 36.Nc6
d3 37.Bxd3 Qxd3 38.Qxd3 Nxd3 39.Rd1 e4 40.Be3 Kg8 41.Nxa5 N7e5
42.Kg2 Nf3 43.Kh1 Nh4 44.Kg1 Nf3+ 45.Kf1 Nh2+ 46.Kg2 Nf3 47.Kh1
Nh4 48.Rdd2 Rf3 49.Kh2 R3f7 50.Re2 Nf3+ 51.Kg3 Ng1 52.Red2 Rf3+
53.Kh2 Nxh3 54.Nc6 Nhxf2 55.Ne7+ Kg7 56.Nf5+ gxf5 57.Bxf2 fxg4
58.Bg3 h5 59.Rc7+ Kg8 60.Kg2 h4 61.Bxh4 Nf4+ 62.Kg1 e3 63.Rdd7
Ne6 64.Rc6 Re8 65.Rdd6 Nf4 66.Rd7 e2 67.Rc1 Nd3 68.Rb1 g3 69.Kg2
e1Q 70.Rxe1 Nxe1+ 71.Kg1 Ref8 72.Bxg3 Rxg3+ 73.Kh2 Rg2+ 74.Kh3
Rf1 0-1

[Event "WIECC 2009"]
[Site "St. Petersburg RUS"]
[Date "2009.03.14"]
[Round "7.77"]
[White "Alekseeva, Alena"]
[Black "Tskhadadze, Anna"]
[Result "1-0"]
[WhiteElo "2039"]
[BlackElo "1821"]
[Annotator ""]
[Source ""]
[Remark ""]

1.e4 c5 2.Nc3 d6 3.g3 Nf6 4.Bg2 Nc6 5.d3 g6 6.h3 Bg7 7.Be3 a6
8.Qd2 e5 9.Nge2 b5 10.O-O Be6 11.f4 Nd4 12.f5 Bd7 13.g4 b4 14.Nd1
Bc6 15.Ng3 Nd7 16.c3 bxc3 17.bxc3 Nb5 18.Qf2 g5 19.Nh5 Rg8 20.f6
Bh8 21.Qf5 Nf8 22.Bxg5 Bd7 23.Ng7+ Bxg7 24.fxg7 Bxf5 25.gxf8Q+
Kxf8 26.Bxd8 Bxg4 27.hxg4 Rxd8 28.a4 Nc7 29.Ne3 Ne6 30.Rab1 Nf4
31.Rb7 Rg6 32.Nd5 Rxg4 33.Nxf4 exf4 34.Rf3 h5 35.Kf2 h4 36.Bh3
Rg3 37.Rxg3 fxg3+ 38.Kf3 d5 39.e5 Re8 40.Kf4 Kg8 41.a5 c4 42.d4
Ra8 43.Kg4 1-0

[Event "WIECC 2009"]
[Site "St. Petersburg RUS"]
[Date "2009.03.16"]
[Round "8.27"]
[White "Motoc, Alina"]
[Black "Cherenkova, Kristina"]
[Result "1/2-1/2"]
[WhiteElo "2358"]
[BlackElo "2270"]
[Annotator ""]
[Source ""]
[Remark ""]

1.d4 d5 2.c4 e6 3.Nf3 c5 4.cxd5 exd5 5.Nc3 Nc6 6.g3 Nf6 7.Bg2
Be7 8.O-O O-O 9.Bg5 cxd4 10.Nxd4 h6 11.Nxc6 bxc6 12.Be3 Be6 13.Na4
Qa5 14.Rc1 Rac8 15.Nc5 Rfe8 16.a3 Nd7 17.Nxe6 fxe6 18.Qd4 Bf6
19.Qg4 Ne5 20.Qh5 Qb5 21.b4 Nc4 22.Bxa7 Nxa3 23.Bc5 Qb7 24.e4
Qf7 25.Qxf7+ Kxf7 26.f4 g6 27.g4 Kg7 28.f5 dxe4 29.fxg6 Kxg6
30.Bxe4+ Kg7 31.Rf3 Nb5 32.Rcf1 Nc3 33.Bxc6 Rxc6 34.Rxf6 Ne4
35.Rf7+ Kg8 36.Bf8 e5 37.Rg7+ Kh8 38.Rb7 Rg6 39.h3 h5 40.b5 hxg4
41.h4 Ng3 42.Rff7 Kg8 43.Bc5 Ne2+ 44.Kf1 Nf4 45.Rbe7 Rxe7 46.Rxe7
g3 47.h5 g2+ 48.Kg1 Rg5 49.h6 Ne2+ 50.Kh2 g1Q+ 51.Bxg1 Nxg1 52.b6
Nf3+ 53.Kh3 Ng1+ 54.Kh2 Nf3+ 55.Kh3 1/2-1/2

[Event "WIECC 2009"]
[Site "St. Petersburg RUS"]
[Date "2009.03.16"]
[Round "8.38"]
[White "Arabidze, Meri"]
[Black "Gvetadze, Sopio"]
[Result "1-0"]
[WhiteElo "2246"]
[BlackElo "2377"]
[Annotator ""]
[Source ""]
[Remark ""]

1.d4 Nf6 2.c4 e6 3.Nf3 a6 4.Nc3 c5 5.d5 exd5 6.Nxd5 h6 7.g3 d6
8.Bg2 Nxd5 9.cxd5 Be7 10.e4 Bf6 11.O-O O-O 12.Qc2 Bg4 13.Bf4
Qe7 14.Rfe1 Nd7 15.a4 Bxf3 16.Bxf3 b5 17.axb5 axb5 18.Be2 c4
19.Be3 Qe5 20.Rxa8 Rxa8 21.b3 Ra3 22.bxc4 Rc3 23.Qa2 Rxe3 24.fxe3
Qc3 25.Rf1 b4 26.Bf3 b3 27.Qa8+ Kh7 28.Qc8 Qxe3+ 29.Kg2 Ne5 30.Qf5+
Ng6 31.e5 Bxe5 32.Qxf7 Qd3 33.Bh5 Qe4+ 34.Qf3 Qc2+ 35.Rf2 Qb1
36.Bg4 Ne7 37.Bf5+ Nxf5 38.Qxf5+ Qxf5 39.Rxf5 Bc3 40.Rf1 Kg6
41.Kf3 Kf5 42.h3 Bd4 43.Ke2+ Ke4 44.Rf4+ Ke5 45.Kd3 b2 46.Rf1
Bf2 47.g4 g5 48.Kc2 Bd4 49.Rf3 Ke4 50.Rb3 Kf4 51.Rxb2 Bxb2 52.Kxb2
Kg3 53.c5 dxc5 54.d6 Kxh3 55.d7 Kxg4 56.d8Q h5 57.Kc3 h4 58.Kd2
h3 59.Ke2 h2 60.Qd5 1-0

[Event "WIECC 2009"]
[Site "St. Petersburg RUS"]
[Date "2009.03.16"]
[Round "8.52"]
[White "Cherednichenko, Elena"]
[Black "Komiagina, Maria"]
[Result "0-1"]
[WhiteElo "2161"]
[BlackElo "2283"]
[Annotator ""]
[Source ""]
[Remark ""]

1.d4 Nf6 2.Nf3 c5 3.e3 g6 4.dxc5 Qa5+ 5.Nbd2 Bg7 6.a3 Qxc5 7.b4
Qc7 8.Bb2 O-O 9.Be2 b6 10.c4 Bb7 11.O-O a5 12.Qb3 d6 13.Nd4 Nbd7
14.Bf3 Bxf3 15.N2xf3 Rfc8 16.Rfc1 axb4 17.Nb5 Nc5 18.Nxc7 Nxb3
19.Nxa8 Nxc1 20.Nxb6 Rb8 21.Bxc1 Rxb6 22.Rb1 Rc6 23.Rxb4 Nd7
24.Nd4 Rc8 25.f4 d5 26.Rb7 Nc5 27.Rxe7 dxc4 28.Kf1 Nb3 29.Ne2
Nxc1 30.Nxc1 Bb2 31.Na2 Bxa3 32.Rb7 Bc5 33.Ke2 Re8 34.Rc7 Bxe3
35.Rxc4 Bxf4+ 36.Kf3 Bxh2 37.g3 Bg1 38.Nb4 Kg7 39.Nd5 Re5 40.Nf4
Bb6 41.Rc6 Re3+ 42.Kg2 Rb3 43.Nd5 Bd4 44.Nf4 Be5 45.Ne2 h5 46.Rc5
f6 47.Ra5 Kh6 48.Ra4 Rd3 49.Rb4 Kg5 50.Ra4 Kf5 51.Rh4 Re3 52.Kf2
Rxe2+ 53.Kxe2 Bxg3 54.Ra4 g5 55.Kf3 Be5 56.Rb4 g4+ 57.Kg2 h4
58.Ra4 h3+ 59.Kg1 Kg5 60.Rb4 f5 61.Ra4 g3 62.Kh1 Bf4 63.Ra3 Kg4
64.Kg1 Bc1 65.Rc3 Bb2 66.Rd3 f4 67.Kh1 Bc1 68.Rd8 g2+ 69.Kh2
Be3 70.Rd1 g1R 71.Rxg1+ Bxg1+ 72.Kh1 h2 73.Kg2 f3+ 74.Kh1 f2 0-1

[Event "WIECC 2009"]
[Site "St. Petersburg RUS"]
[Date "2009.03.16"]
[Round "8.59"]
[White "Umudova, Nargiz"]
[Black "Lezhepekova, Veronika"]
[Result "1/2-1/2"]
[WhiteElo "2227"]
[BlackElo "1917"]
[Annotator ""]
[Source ""]
[Remark ""]

1.e4 c5 2.Nf3 Nc6 3.Bb5 Qc7 4.O-O g6 5.c3 Bg7 6.d4 cxd4 7.cxd4
a6 8.Ba4 b5 9.Bb3 Na5 10.Nc3 Nxb3 11.Qxb3 Bb7 12.Bg5 Qc4 13.Qd1
Nf6 14.Rc1 Qb4 15.Bd2 Rc8 16.Nd5 Rxc1 17.Qxc1 Qc4 18.Nc7+ Kf8
19.e5 Nd5 20.Nxd5 Bxd5 21.b3 Qc6 22.Qa3 f6 23.Rc1 Qe6 24.Qc5
Bxf3 25.gxf3 fxe5 26.dxe5 Bxe5 27.Bc3 Bxc3 28.Rxc3 d6 29.Qc6
Kf7 30.Kg2 d5 31.Qxe6+ Kxe6 32.Rc6+ Ke5 33.Rxa6 Kd4 34.Ra5 Rb8
35.Ra7 e5 36.Rxh7 Ra8 37.a4 bxa4 38.bxa4 Re8 39.a5 Re6 40.Rb7
Ra6 41.Rb6 Rxa5 42.Rxg6 Kc3 43.h4 d4 44.h5 d3 45.h6 Ra8 46.Rc6+
Kb2 47.Rd6 Kc2 48.Rc6+ Kd1 49.Rc5 Re8 50.h7 Rh8 51.Rxe5 Rxh7
52.Rd5 d2 53.Kg3 Re7 54.f4 Ke1 55.f5 d1Q 56.Rxd1+ Kxd1 57.Kf4
Ke2 58.f6 Ra7 59.Kf5 Kf3 60.Kg6 Ra4 1/2-1/2

[Event "WIECC 2009"]
[Site "St. Petersburg RUS"]
[Date "2009.03.16"]
[Round "8.65"]
[White "Zimina, Olga"]
[Black "Bezgodova, Maria"]
[Result "1-0"]
[WhiteElo "2363"]
[BlackElo "2101"]
[Annotator ""]
[Source ""]
[Remark ""]

1.e4 e5 2.Nf3 Nc6 3.d4 exd4 4.Nxd4 Bc5 5.Nxc6 Qf6 6.Qf3 dxc6
7.Bc4 Qxf3 8.gxf3 Ne7 9.Be3 Bxe3 10.fxe3 Ng6 11.Nd2 Ne5 12.Be2
Bd7 13.Rg1 Ng6 14.f4 Ke7 15.O-O-O Rhg8 16.Nf3 b5 17.h4 Nf8 18.Ne5
Be8 19.Nd3 Nd7 20.e5 Nb6 21.Bf3 Nd5 22.e4 Nb6 23.Nc5 a5 24.f5
Nc4 25.e6 Ne5 26.Be2 f6 27.h5 g5 28.hxg6 hxg6 29.Rh1 Rg7 30.Rh8
Rb8 31.Nd7 Rc8 32.Nxe5 fxe5 33.Rf1 Kf6 34.Rf8+ Ke7 35.Rh8 Kf6
36.fxg6+ Ke7 37.Rff8 Rd8 38.Bg4 c5 39.Bf5 c4 40.c3 c6 41.Rhg8
Rxg8 42.Rxg8 Rd3 43.Rh8 Rg3 44.a3 Rg2 45.Rh7+ Kf6 46.e7 a4 47.Kd1
Rg1+ 48.Kd2 Rg3 49.Ke1 Rg2 50.Kf1 Rg3 51.Kf2 Rg5 52.Kf3 Rg1 53.Bg4
c5 54.g7 Kf7 55.Bh5+ Kg8 56.Bxe8 Kxh7 57.Bg6+ Rxg6 58.e8Q 1-0

[Event "WIECC 2009"]
[Site "St. Petersburg RUS"]
[Date "2009.03.16"]
[Round "8.68"]
[White "Papadopoulou, Vera"]
[Black "Alekseeva, Alena"]
[Result "1/2-1/2"]
[WhiteElo "2190"]
[BlackElo "2039"]
[Annotator ""]
[Source ""]
[Remark ""]

1.d4 d5 2.c4 e6 3.Nc3 Nf6 4.cxd5 exd5 5.Bg5 c6 6.e3 Qb6 7.Qc1
Ne4 8.Bf4 Bb4 9.Bd3 Bf5 10.Qc2 Qa5 11.Nge2 Nxc3 12.bxc3 Bxd3
13.Qxd3 Be7 14.O-O Nd7 15.Rfb1 b6 16.a4 Rc8 17.Nc1 c5 18.Rb5
Qa6 19.dxc5 Rxc5 20.Nb3 Rxb5 21.axb5 Qb7 22.Nd4 Nc5 23.Qf5 Bf6
24.Bd6 Bxd4 25.exd4 Ne6 26.Qe5 Kd7 27.f4 f6 28.Qe3 Kxd6 29.Re1
Re8 30.f5 Nc7 31.Qg3+ Kd7 32.Qxg7+ Kc8 33.Re7 Rxe7 34.Qxe7 Kb8
35.Qxf6 Qc8 36.g4 Qe8 37.Kf2 Qxb5 38.g5 Qb2+ 39.Kg3 Qxc3+ 40.Kg4
Qc2 41.h4 Qe2+ 42.Kg3 Qe3+ 43.Kg4 Qe2+ 44.Kg3 Qe3+ 1/2-1/2

[Event "WIECC 2009"]
[Site "St. Petersburg RUS"]
[Date "2009.03.16"]
[Round "8.82"]
[White "Ovod, Irina"]
[Black "Efremova, Daria"]
[Result "0-1"]
[WhiteElo "1777"]
[BlackElo "1910"]
[Annotator ""]
[Source ""]
[Remark ""]

1.Nf3 Nf6 2.g3 g6 3.Bg2 Bg7 4.d3 c5 5.O-O Nc6 6.Nbd2 d6 7.a3
O-O 8.c3 e5 9.h3 h6 10.Nh2 Be6 11.e4 Qd7 12.g4 Nh7 13.f3 Kh8
14.Rf2 f5 15.Ndf1 d5 16.exf5 gxf5 17.Ng3 f4 18.Nh5 Rae8 19.Nxg7
Qxg7 20.Bd2 Nf6 21.Rc1 Bg8 22.Be1 Qg6 23.Bf1 Rd8 24.Rg2 e4 25.h4
Ne8 26.g5 h5 27.Rd2 e3 28.Rg2 Be6 29.Kh1 Ng7 30.Be2 Bf5 31.Nf1
d4 32.cxd4 cxd4 33.Rc5 b6 34.Rxf5 Nxf5 35.b4 Rc8 36.b5 Ne5 37.Rh2
Rf7 38.Bb4 Rfc7 39.Qb3 Rc1 40.Kg2 R8c2 41.Kh3 Ng7 42.Rg2 Qe6+
43.Qxe6 Nxe6 44.Bd6 Ng6 45.Nh2 Rb1 46.Bb4 Rbb2 47.Ng4 Rxe2 48.Rxe2
hxg4+ 49.Kxg4 Rxe2 50.Kf5 Nxh4+ 51.Kxe6 Rg2 52.Kf6 Nxf3 53.g6
e2 54.Kf5 e1Q 55.Bxe1 Nxe1 56.Kxf4 Rxg6 0-1

[Event "WIECC 2009"]
[Site "St. Petersburg RUS"]
[Date "2009.03.17"]
[Round "9.28"]
[White "Lelekova, Olga"]
[Black "Motoc, Alina"]
[Result "1-0"]
[WhiteElo "2222"]
[BlackElo "2358"]
[Annotator ""]
[Source ""]
[Remark ""]

1.e4 c5 2.Nf3 d6 3.d4 cxd4 4.Nxd4 Nf6 5.Nc3 a6 6.Be2 e5 7.Nb3
Be7 8.O-O O-O 9.Be3 Be6 10.Nd5 Bxd5 11.exd5 Nbd7 12.Qd2 a5 13.Rad1
Re8 14.c4 b6 15.f3 g6 16.Nc1 Nh5 17.Nd3 f5 18.b4 f4 19.Bf2 Bh4
20.a3 Ng7 21.Rc1 Bg5 22.Qb2 e4 23.fxe4 f3 24.Bxf3 Bxc1 25.Rxc1
Nh5 26.c5 bxc5 27.bxc5 dxc5 28.e5 Rb8 29.Qc3 c4 30.Qxc4 Nxe5
31.Nxe5 Rxe5 32.d6+ Kf8 33.Qd4 Qf6 34.Rd1 Nf4 35.Qa7 Reb5 36.Bd4
Qf7 37.d7 Ne6 38.Be4 Nf4 39.Bc5+ Kg7 40.Bd6 Ne2+ 41.Kh1 Rd8 42.Qe3
Qxd7 43.Qxe2 Qxd6 44.Rxd6 Rxd6 45.h3 Re5 46.Qb2 Rde6 47.Bd5 Re7
48.a4 h5 49.Bc6 h4 50.Bb5 Kh6 51.Qd2+ g5 52.Qxa5 Re1+ 53.Kh2
Rd1 54.Qa6+ Kg7 55.Bd3 Ree1 56.Qg6+ Kf8 57.Qf6+ Kg8 58.Bc4+ Kh7
59.Qf7+ Kh6 60.Qf8+ 1-0

[Event "WIECC 2009"]
[Site "St. Petersburg RUS"]
[Date "2009.03.17"]
[Round "9.33"]
[White "Paulet, Iozefina"]
[Black "Arabidze, Meri"]
[Result "1-0"]
[WhiteElo "2315"]
[BlackElo "2246"]
[Annotator ""]
[Source ""]
[Remark ""]

1.e4 c6 2.Nc3 d5 3.Nf3 Bg4 4.h3 Bh5 5.exd5 cxd5 6.Bb5+ Nc6 7.g4
Bg6 8.Ne5 Rc8 9.h4 f6 10.Nxg6 hxg6 11.d4 e6 12.Qd3 Nge7 13.Bxc6+
Rxc6 14.Bf4 a6 15.O-O-O b5 16.Rde1 Kf7 17.Bd2 b4 18.Ne2 a5 19.Nf4
Qc8 20.Rh3 Qa6 21.Qxa6 Rxa6 22.c3 bxc3 23.Bxc3 Nc8 24.Rhe3 Rxh4
25.Nxe6 Be7 26.f3 a4 27.Nc7 Rd6 28.Nb5 Rb6 29.Na7 Rb7 30.Nxc8
Bf8 31.a3 Rh2 32.Re6 Kg8 33.Re8 Kf7 34.Rd8 1-0

[Event "WIECC 2009"]
[Site "St. Petersburg RUS"]
[Date "2009.03.17"]
[Round "9.35"]
[White "Lupik, Marina"]
[Black "Savina, Anastasia"]
[Result "1/2-1/2"]
[WhiteElo "2163"]
[BlackElo "2297"]
[Annotator ""]
[Source ""]
[Remark ""]

1.e4 c5 2.c3 Nf6 3.e5 Nd5 4.d4 cxd4 5.Qxd4 e6 6.Nf3 Nc6 7.Qe4
f5 8.Qe2 Qc7 9.g3 b5 10.Bg2 a5 11.O-O Ba6 12.Rd1 Bc5 13.Ne1 Qxe5
14.Qxe5 Nxe5 15.Bxd5 exd5 16.Rxd5 d6 17.Bf4 O-O-O 18.Bxe5 Rhe8
19.Rxc5+ dxc5 20.f4 Rd1 21.Kf2 Red8 22.Nc2 Rh1 23.Ne3 Rxh2+ 24.Ke1
b4 25.c4 Rh1+ 26.Nf1 Bxc4 27.Nbd2 Rxd2 28.Kxd2 Rxf1 29.Rxf1 Bxf1
30.Bxg7 Kd7 31.a3 Kc6 32.axb4 cxb4 33.Kc2 Kb5 34.Bf6 a4 35.Be7
Kc4 36.b3+ axb3+ 37.Kb2 h5 38.Bf6 Bd3 39.Be7 Bc2 40.Bd6 Kd5 41.Bxb4
Ke4 42.Be7 Kf3 1/2-1/2

[Event "WIECC 2009"]
[Site "St. Petersburg RUS"]
[Date "2009.03.17"]
[Round "9.45"]
[White "Popova, Natalija"]
[Black "Yakovich, Yuliya"]
[Result "1-0"]
[WhiteElo "2266"]
[BlackElo "2125"]
[Annotator ""]
[Source ""]
[Remark ""]

1.e4 e5 2.Nf3 Nc6 3.Bb5 a6 4.Ba4 Nf6 5.O-O Nxe4 6.d4 b5 7.Bb3
d5 8.dxe5 Be6 9.Nbd2 Nc5 10.Qe2 Be7 11.c3 d4 12.cxd4 Nxd4 13.Nxd4
Qxd4 14.Bxe6 Nxe6 15.Nb3 Qb6 16.Be3 c5 17.f4 Nd4 18.Qf2 Nxb3
19.axb3 Qc6 20.Rad1 O-O 21.f5 f6 22.e6 Rfd8 23.Qg3 Kh8 24.Bf4
c4 25.bxc4 Rxd1 26.Rxd1 Qc5+ 27.Be3 Qxf5 28.Qf3 Qxf3 29.gxf3
bxc4 30.Rd7 Re8 31.Ra7 Kg8 32.Rxa6 Bb4 33.Rc6 h5 34.Kf2 Bf8 35.Ke2
Rb8 36.Bd4 Rd8 37.Rxc4 Rd6 38.b4 Rxe6+ 39.Kd3 Bd6 40.h3 Be5 41.b5
Kf7 42.Bxe5 Rxe5 43.Rb4 Re8 44.b6 g5 45.b7 Rb8 46.Kc4 f5 47.Kc5
g4 48.fxg4 fxg4 49.hxg4 h4 50.Kc6 Kg6 51.Rb5 Rh8 52.b8Q Rxb8
53.Rxb8 Kg5 54.Rg8+ Kf4 55.g5 1-0

[Event "WIECC 2009"]
[Site "St. Petersburg RUS"]
[Date "2009.03.17"]
[Round "9.46"]
[White "Makropoulou, Marina"]
[Black "Balaian, Alina"]
[Result "1-0"]
[WhiteElo "2262"]
[BlackElo "2037"]
[Annotator ""]
[Source ""]
[Remark ""]

1.e4 e6 2.d4 d5 3.Nc3 Nf6 4.Bg5 Bb4 5.exd5 exd5 6.Bd3 Be6 7.Nge2
O-O 8.O-O c5 9.dxc5 Bxc5 10.Nf4 d4 11.Ne4 Be7 12.Qf3 Nd5 13.Bxe7
Nxe7 14.Ng5 Bf5 15.Qxb7 Bxd3 16.Nxd3 Nbc6 17.Qb5 Rb8 18.Qc5 Rb6
19.Rfe1 Nd5 20.Ne4 Nc7 21.Qd6 Ne6 22.Qxd8 Rxd8 23.Nd2 Ne7 24.Nc4
Rb7 25.Re5 Rc7 26.b3 Nd5 27.Rae1 h6 28.h4 a5 29.a4 Kh7 30.g3
Nc5 31.Nxc5 Rxc5 32.Nb6 f6 33.Rxd5 Rcxd5 34.Nxd5 Rxd5 35.Kf1
Rc5 36.Re2 Rc3 37.Rd2 Kg6 38.Ke1 d3 39.Rxd3 Rxc2 40.Rd5 Rb2 41.h5+
Kf7 42.Rb5 g5 43.g4 Ke6 44.f3 f5 45.gxf5+ Kf6 46.Kf1 Kf7 47.Rb6
Kg7 48.Kg1 Kf7 49.Kf1 Kg7 50.Rb5 Kf6 51.Ke1 Kf7 52.Kd1 Kf6 53.Kc1
Rf2 54.Rxa5 Rxf3 55.Ra6+ Kxf5 56.Kb2 g4 57.Rxh6 Kg5 58.Rh8 Kh4
59.h6 Rf7 60.a5 g3 61.Rg8 Kh3 62.a6 g2 63.b4 Rf2+ 64.Kb3 Rf3+
65.Ka4 Rf6 66.h7 Rxa6+ 67.Kb5 Rh6 68.h8Q 1-0

[Event "WIECC 2009"]
[Site "St. Petersburg RUS"]
[Date "2009.03.17"]
[Round "9.65"]
[White "Lomako, Anna"]
[Black "Minina, Veronika"]
[Result "1-0"]
[WhiteElo "2277"]
[BlackElo "2125"]
[Annotator ""]
[Source ""]
[Remark ""]

1.e4 c5 2.Nc3 a6 3.Nf3 e6 4.d4 cxd4 5.Nxd4 b5 6.Bd3 Qb6 7.Nb3
Qc7 8.O-O Nf6 9.Bg5 Be7 10.f4 b4 11.Nb1 Bb7 12.e5 Nd5 13.Bxe7
Kxe7 14.Be4 Ne3 15.Qd6+ Qxd6 16.exd6+ Kxd6 17.Bxb7 Ra7 18.Be4
Nxf1 19.Kxf1 Ke7 20.Na5 d5 21.Bd3 h6 22.a3 bxa3 23.Rxa3 g5 24.f5
e5 25.Nc3 Rd7 26.Rb3 e4 27.Be2 Kf6 28.g4 Re8 29.Rb6+ Kg7 30.Nb3
Rdd8 31.Nd4 Nd7 32.Rxa6 Nf6 33.Ra7 Ra8 34.Rc7 Reb8 35.Ncb5 Rb6
36.h3 Ra1+ 37.Kf2 Rh1 38.c4 Rb8 ( 38...Rxh3 39.c5 Rb8 40.Nd6
Ne8 41.Rxf7+ Kg8 42.Rb7 Rxb7 43.Nxb7 Rh1 44.b4 Rb1 45.b5 Rb4
46.Ke3 Kf8 47.b6 Rb2 48.Na5 Ke7 49.b7 Kd7 50.Nb5 ) 39.Nd6 Ne8
40.Rxf7+ Kg8 41.Rb7 Rxb7 42.Nxb7 Rh2+ 1-0

[Event "WIECC 2009"]
[Site "St. Petersburg RUS"]
[Date "2009.03.17"]
[Round "9.68"]
[White "Samigullina, Diana"]
[Black "Papadopoulou, Vera"]
[Result "1-0"]
[WhiteElo "2083"]
[BlackElo "2190"]
[Annotator ""]
[Source ""]
[Remark ""]

1.d4 Nf6 2.Nf3 e6 3.e3 c5 4.Bd3 d5 5.b3 Nc6 6.a3 Bd6 7.Bb2 cxd4
8.exd4 O-O 9.Nbd2 Nh5 10.g3 g6 11.O-O f5 12.Ne5 f4 13.Qg4 Ne7
14.Ndf3 Bxe5 15.dxe5 Bd7 16.Ng5 Nf5 17.Bc1 Qb6 18.Bxf4 Nxf4 19.Qxf4
h6 20.Nh3 Kg7 21.Qg4 Kh7 22.Nf4 Rg8 23.h4 Raf8 24.Kg2 Qd4 25.Rae1
g5 26.c3 Qxc3 27.hxg5 Rxg5 28.Qh3 Kg7 29.Rh1 Rh8 30.Bxf5 exf5
31.e6 Bc6 32.e7 d4+ 33.Kh2 Qf3 34.Rhf1 Kf7 35.Re5 Be4 36.e8Q+
Rxe8 37.Rxe8 Kxe8 38.Qxh6 Rg8 39.Qe6+ Kf8 40.Qh6+ Kf7 41.Qe6+
Kg7 42.Qg6+ Kf8 43.Qf6+ Ke8 44.Qe6+ Kf8 45.Qc8+ Kg7 46.Qd7+ Kh6
47.Qxd4 Kg5 48.Nh3+ Kg4 49.Rg1 Qxb3 50.Qf6 Kf3 51.Re1 Rxg3 52.Ng1+
Kxf2 53.Re2+ Kf1 54.Qa1+ Bb1 55.Rb2 Qxb2+ 56.Qxb2 1-0

[Event "WIECC 2009"]
[Site "St. Petersburg RUS"]
[Date "2009.03.17"]
[Round "9.77"]
[White "Nikanova, Ekaterina"]
[Black "Efremova, Daria"]
[Result "1-0"]
[WhiteElo "2049"]
[BlackElo "1910"]
[Annotator ""]
[Source ""]
[Remark ""]

1.e4 e6 2.d4 d5 3.Nc3 Nf6 4.e5 Nfd7 5.f4 c5 6.Nf3 Nc6 7.Be3 Be7
8.Be2 Qb6 9.Na4 Qa5+ 10.c3 c4 11.O-O b5 12.Nc5 Nxc5 13.dxc5 b4
14.Nd4 Bd7 15.Nxc6 Bxc6 16.Qd4 f5 17.cxb4 Qxb4 18.b3 Qa5 19.Rfb1
Rb8 20.bxc4 O-O 21.cxd5 Bxd5 22.Bc4 Rxb1+ 23.Rxb1 Rd8 24.Bxd5
Rxd5 25.Qc4 Bxc5 26.Bxc5 Qxc5+ 27.Qxc5 Rxc5 28.Rb8+ Kf7 29.Rb7+
Kf8 30.Rxa7 Rc4 31.g3 Rc2 32.a4 Ra2 33.Ra8+ Kf7 34.a5 Ke7 35.a6
Kf7 36.a7 h6 37.h3 h5 38.g4 hxg4 39.hxg4 fxg4 40.f5 exf5 41.e6+
Kxe6 42.Re8+ Kf6 43.a8Q Rxa8 44.Rxa8 g5 45.Kf2 f4 46.Ra5 Kg6
47.Rb5 Kf6 48.Ke2 Kg6 49.Rb8 Kf5 50.Rf8+ Ke4 51.Rg8 Kf5 52.Kf2
Kf6 53.Kf1 Kf5 54.Ke2 Kf6 55.Kd3 Kf5 56.Rf8+ Ke5 57.Ra8 Kf5 58.Ra5+
Kg6 59.Ra8 Kf5 60.Rf8+ Ke5 61.Rf7 Ke6 62.Ra7 Kf5 63.Ra5+ Kg6
64.Ra1 Kf5 65.Ke2 Ke4 66.Ra5 g3 67.Rxg5 f3+ 68.Kf1 Kf4 69.Rg8
g2+ 70.Kf2 Ke4 71.Rf8 1-0

[Event "WIECC 2009"]
[Site "St. Petersburg RUS"]
[Date "2009.03.17"]
[Round "9.81"]
[White "Kiseleva, Arina"]
[Black "Martynova, Anastasia"]
[Result "0-1"]
[WhiteElo "1830"]
[BlackElo "1894"]
[Annotator ""]
[Source ""]
[Remark ""]

1.d4 e6 2.Nf3 f5 3.g3 Nf6 4.Bg2 Be7 5.O-O O-O 6.c3 d5 7.Bf4 Bd7
8.Ne5 Be8 9.Nd2 Nbd7 10.Nxd7 Qxd7 11.Nf3 Bh5 12.Ne5 Qb5 13.Nd3
Rac8 14.f3 h6 15.Qd2 Kh7 16.Rfe1 g5 17.Be5 Qe8 18.Nf2 g4 19.Qd3
gxf3 20.exf3 Bg6 21.Qe3 Nh5 22.Nh3 Bf6 23.Bf4 Bf7 24.Bxh6 Rg8
25.Ng5+ Bxg5 26.Bxg5 Rg6 27.g4 Qg8 28.h4 Ng7 29.h5 Nxh5 30.f4
fxg4 31.Bf1 Rg7 32.Bd3+ Bg6 33.Qxe6 Qxe6 34.Rxe6 Nxf4 35.Bxf4
Bxd3 36.Rh6+ Kg8 37.Be5 Rh7 38.Rxh7 Kxh7 39.Kg2 Be4+ 40.Kg3 Bf3
41.Re1 Re8 42.Rf1 c6 43.Rf2 Re6 44.Rh2+ Rh6 45.Rxh6+ Kxh6 46.Kf4
Kh5 47.Kf5 Kh4 48.Bh2 g3 49.Bg1 Kh3 50.Ke6 a5 51.Kd6 Be2 52.Kc7
Ba6 53.a4 Kg2 54.Be3 Kf1 55.Kb6 g2 56.Kxa5 g1Q 57.Bxg1 Kxg1 58.b4
b5 59.Kxa6 bxa4 60.Kb6 a3 61.Kxc6 a2 62.Kxd5 a1Q 63.c4 Qa8+ 64.Kc5
Qa7+ 65.Kd5 Qb6 66.c5 Qxb4 67.c6 Qe7 0-1

[Event "WIECC 2009"]
[Site "St. Petersburg RUS"]
[Date "2009.03.18"]
[Round "10.13"]
[White "Severiukhina, Zoja"]
[Black "Muzychuk, Mariya"]
[Result "0-1"]
[WhiteElo "2327"]
[BlackElo "2427"]
[Annotator ""]
[Source ""]
[Remark ""]

1.e4 c5 2.Nf3 a6 3.c3 d5 4.exd5 Qxd5 5.d4 Nf6 6.Be2 cxd4 7.cxd4
e6 8.Nc3 Qd8 9.O-O Nc6 10.Bg5 Be7 11.Rc1 O-O 12.Qd2 h6 13.Bf4
Nb4 14.Ne5 Nfd5 15.Bg3 Bd7 16.f4 Rc8 17.Bf3 Bc6 18.a3 Nxc3 19.bxc3
Nd5 20.c4 Nf6 21.Nxc6 bxc6 22.Rfd1 a5 23.Qd3 Qb6 24.Rb1 Qa7 25.f5
exf5 26.Qxf5 Bxa3 27.c5 Rfe8 28.Rb6 Re6 29.Qd3 Bb4 30.Qa6 Qxa6
31.Rxa6 g6 32.Ra7 Rce8 33.Ra6 Nd5 34.Bxd5 cxd5 35.c6 Rc8 36.Rc1
Bd2 37.Rc5 Be3+ 38.Bf2 Bxf2+ 39.Kxf2 a4 40.Rxd5 Rcxc6 41.Rxc6
Rxc6 42.Ra5 Rc2+ 43.Kf3 Ra2 44.h4 a3 45.d5 Kf8 46.d6 Ke8 47.Ra8+
Kd7 48.Ra7+ Kxd6 49.Rxf7 Rc2 50.Rf6+ Kd5 51.Rxg6 Rc6 52.Rg8 Ra6
53.Rd8+ Kc4 54.Rd1 a2 55.Ra1 Kb3 56.g4 Ra4 57.Rg1 a1Q 58.Rxa1
Rxa1 59.Kf4 Ra5 60.g5 Ra4+ 0-1